000 00811nam0a22002531 4500
001 rc\2634484
005 20260406073011.0
035 _a(NLR Aleph) 006797897
090 _a6212557
_c6212557
100 _a20110914d1932 |||y0rusy50 ca
101 0 _arus
102 _aRU
105 _ay z |||a|
200 1 _aРазлом
_e[Пьеса]
_fБорис Лавренев
210 _a[Ленинград]
_cЛенгихл
_d1932
_gтип. им. Бухарина
215 _aПапка, 88 с.
_d17х13 см.
300 _aПапка: А. А. Ушин
700 1 _8rus
_7ca
_aЛавренев
_bБ. А.
_gБорис Андреевич
_f1891-1959
_3RU\NLR\AUTH\7731140
_914151
801 0 _aRU
_bNLR
_gpsbo
801 1 _aRU
_bELAR
_2rusmarc
852 _aNLR
_j32-8/11346
942 _cBOOK
980 _aNB